Dimensión regional de la crisis. El caso de Costa Rica, Guatemala, Honduras, Panamá y Belice: elementos y parámetros para un análisis

Guardat en:
Dades bibliogràfiques
Autor principal: Villagrán Kramer, Francisco
Format: Text
Publicat: s.l.: s.e.
Etiquetes: Afegir etiqueta
Sense etiquetes, Sigues el primer a etiquetar aquest registre!

MARC

LEADER 00000 a a2200000 04500
001 21661
003
040
090 |a 096500  
100 |a Villagrán Kramer, Francisco  
245 |a Dimensión regional de la crisis. El caso de Costa Rica, Guatemala, Honduras, Panamá y Belice: elementos y parámetros para un análisis  
260 |a s.l.:   |b s.e.  
300 |a s.p.  
999 |c 2405  |d 2405